| 000 | 00463nam a2200157 a 4500 | ||
|---|---|---|---|
| 082 |
_a652.5 _bWIL _cL-2, P-116 |
||
| 100 | 1 |
_aWilliams, Robert E. _944761 |
|
| 245 | 1 | _aThe Manual Wordstar | |
| 260 |
_aDelhi : _bB. P. B. Publications , _c1986 |
||
| 300 | _ax, 201p. | ||
| 526 |
_a0 _b0 _c0 _d652_500000000000000_WIL |
||
| 526 |
_a0 _b0 _c0 _d652_500000000000000_WIL |
||
| 650 | 0 |
_aWord Processing _936793 |
|
| 700 |
_aMerejewski, R. H. (ed.) _944762 |
||
| 942 |
_2ddc _cBK |
||
| 999 |
_c548459 _d548459 |
||